Bienvenue à la Médiathèque de Saint-Andiol
banniere
Accueil Recherche avancée Mon compte
handi1 Rechercher dans le catalogue

Filtre   Mots-clés
  Recherche avancée
 
Lister les dernières nouveautés
 
Lister les livres GROS CARACTERES
 
Lister les périodiques (magazines)

handi1 16 ans, SOS chocolat !

Book Cover
Auteur principal : Sue Limb
Autres auteurs : Emmanuelle Casse-Castric
Titre : 16 ans, SOS chocolat !
Support : Livres
Langue : Francais
Publié : DL 2013 Gallimard Paris
Genre : Roman (jeunesse)
Collection : Scripto
Sujets :
Étiquettes :
Pas de tags
LEADER 00896nam0a2200217 450
001 16868271
010 |a 978-2-07-064985-3  |b br.  |d 12 € 
100 |a 20260513d2026 u u0frey01 ba 
101 1 |a fre  |c eng 
102 |a FR 
200 0 |a 16 ans, SOS chocolat !  |f Sue Limb  |g traduit de l'anglais par Emmanuelle Casse-Castric 
207 1 |a   
210 |a Paris  |b 5 rue Sébastien Bottin.  |c Gallimard  |d DL 2013 
215 |a 1 vol. (340 p.)  |c couv. ill. en coul.  |d 20 cm 
225 1 |a Scripto  |x 1635-6470 
330 |a Jess a quitté Fred car elle le trouvait trop ennuyeux. Lorsqu'un certain Luke emménage juste à côté de chez elle, sa vie commence cependant à s'illuminer. 
700 0 |a Limb  |b Sue  |f 1946-....  |4 70 
702 0 |a Casse-Castric  |b Emmanuelle  |4 730 
900 |a Roman (jeunesse) 
901 |a Adultes 
995 |a Médiathèque  |c Médiathèque  |f 089021857  |h 089021857  |k J LIM  |o p  |q a  |r az  |e Médiathèque